000 00490nam a2200181Ia 4500
001 16711
005 20260306170331.0
008 260306t2012||||xx |||||||||||||| ||und||
041 _aESP
082 _a349.605
_bS23
100 _aSánchez-Arcilla Bernal, José
_eAUT
245 0 _aEl arbitrio judicial en el antiguo régimen (España e Indias, siglos XVI-XVIII)
260 _c2012
300 _a748 páginas :
_c24 cm.
650 _aGEN
654 _aCDE
942 _cLIB
_dJUS
_fJUS
_2ddc
_n
999 _c16711
_d16711